000 00521nam a22001697a 4500
003 OSt
005 20120302151854.0
008 091204t xxu||||| |||| 00| 0 eng d
035 _a१७४४६
040 _cमराठी
100 _aगोवंडे, श्रीकांत
_910916
245 _aगुरु शिष्यांच्या गोष्टी
250 _a१ ली
260 _aपुणे
_bअनमोल
_c२००७
300 _b४० पाने
942 _2ddc
_cBOOK
999 _c495591
_d495588